La educación en La vega 1844-2000 / Notas para su estudio (Registro nro. 23802)

Detalles MARC
000 -LEADER
fixed length control field 00660nam a22001937a 4500
003 - CONTROL NUMBER IDENTIFIER
control field DO-CoUTE
005 - DATE AND TIME OF LATEST TRANSACTION
control field 20250310091025.0
008 - FIXED-LENGTH DATA ELEMENTS--GENERAL INFORMATION
fixed length control field 250310b dr ||||| |||| 00| 0 spa d
040 ## - CATALOGING SOURCE
Original cataloging agency DO-CoUTE
Language of cataloging spa
Transcribing agency DO-CoUTE
082 ## - DEWEY DECIMAL CLASSIFICATION NUMBER
Edition number RD370.293
Classification number H557e
100 1# - MAIN ENTRY--PERSONAL NAME
Personal name Hernández, Alfredo Rafael
Relator term Autor
245 1# - TITLE STATEMENT
Title La educación en La vega 1844-2000 / Notas para su estudio
Statement of responsibility, etc. Alfredo Rafael Hernàndez
260 ## - PUBLICATION, DISTRIBUTION, ETC.
Place of publication, distribution, etc. Santo Domingo ;
Name of publisher, distributor, etc. Archivo general de la nación,
Date of publication, distribution, etc. 2023
300 ## - PHYSICAL DESCRIPTION
Extent 503 paginas :
Dimensions 23cm,
504 ## - BIBLIOGRAPHY, ETC. NOTE
Bibliography, etc. note Incluye referencia bibliográfica e índice
650 #4 - SUBJECT ADDED ENTRY--TOPICAL TERM
Topical term or geographic name entry element Educación
700 1# - ADDED ENTRY--PERSONAL NAME
Personal name Alfredo Rafael Hernández
Relator term Autor
942 ## - ADDED ENTRY ELEMENTS (KOHA)
Source of classification or shelving scheme Dewey Decimal Classification
Koha item type Libros

No hay ítems disponibles.

© 2021 Derechos Reservados UTECO - Teléfono: +1 809-585-2291 - Correo electrónico: biblioteca@uteco.edu.do​  
Código postal 43000 ​​
Dirección: Avenida Universitaria No. 100, 
Cotuí, Provincia Sánchez Ramírez, República Dominicana - RNC: 404-00059-6